Dulcinea (Record no. 31054)

MARC details
000 -LEADER
campo de control de longitud fija 01206nam a2200265 i 4500
001 - NÚMERO DE CONTROL
campo de control 31054
003 - IDENTIFICADOR DE NÚMERO DE CONTROL
campo de control ES-MaACL
005 - FECHA Y HORA DE LA ÚLTIMA TRANSACCIÓN
campo de control 20250818054942.0
007 - CAMPO FIJO DE DESCRIPCIÓN FÍSICA--INFORMACIÓN GENERAL
campo de control de longitud fija t|
008 - DATOS DE LONGITUD FIJA--INFORMACIÓN GENERAL
campo de control de longitud fija 030128s1944 sp a |||| | spa d
080 ## - NÚMERO DE LA CLASIFICACIÓN DECIMAL UNIVERSAL
Número de la Clasificación Decimal Universal 821.133.1-22"19"
100 1# - ENTRADA PRINCIPAL--NOMBRE DE PERSONA
Nombre de persona Baty, Gaston.
9 (RLIN) 26497
245 10 - MENCIÓN DEL TÍTULO
Título Dulcinea
Resto del título : [tragicomedia en dos partes y ocho cuadros] /
Mención de responsabilidad, etc. Gastón Baty ; versión española de Huberto Pérez de la Ossa.
250 ## - MENCION DE EDICION
Mención de edición Ed. con il.
Resto de la mención de edición especialmente autorizada por el trad.
260 ## - PUBLICACIÓN, DISTRIBUCIÓN, ETC.
Lugar de publicación, distribución, etc. [Madrid] :
Nombre del editor, distribuidor, etc. Gredos,
Fecha de publicación, distribución, etc. 1944 (
Fabricante Tip. Clásica Española)
300 ## - DESCRIPCIÓN FÍSICA
Extensión 166 p., [3] h. de lám. ;
Dimensiones 17 cm.
594 ## - Nota al título y mención de responsabilidad
Nota al título y mención de responsabilidad "Estrenada en el Teatro María Guerrero, de Madrid, por la Compañía del Teatro Nacional, en diciembre de 1941"
600 17 - PUNTO DE ACCESO ADICIONAL DE MATERIA--NOMBRE DE PERSONA
Nombre de persona Cervantes Saavedra, Miguel de,
Fechas asociadas al nombre 1547-1616-
Subdivisión general Personajes
Fuente del encabezamiento o término
9 (RLIN) 158912
600 17 - PUNTO DE ACCESO ADICIONAL DE MATERIA--NOMBRE DE PERSONA
Nombre de persona Cervantes Saavedra, Miguel de,
Fechas asociadas al nombre 1547-1616-
Subdivisión general Personajes
Fuente del encabezamiento o término
9 (RLIN) 158912
600 17 - PUNTO DE ACCESO ADICIONAL DE MATERIA--NOMBRE DE PERSONA
Nombre de persona Cervantes Saavedra, Miguel de,
Fechas asociadas al nombre 1547-1616.
Título de la obra Don Quijote de la Mancha-
Subdivisión general Adaptaciones teatrales
Fuente del encabezamiento o término
9 (RLIN) 158872
650 #7 - PUNTO DE ACCESO ADICIONAL DE MATERIA--TÉRMINO DE MATERIA
Término de materia o nombre geográfico como elemento de entrada Dulcinea (Personaje de ficción)
Fuente del encabezamiento o término embne
9 (RLIN) 158913
700 1# - ENTRADA AGREGADA--NOMBRE PERSONAL
Nombre de persona Pérez de la Ossa, Huberto,
Fechas asociadas al nombre 1897-1983
9 (RLIN) 90784
852 ## - LOCALIZACIÓN
Ubicación ES-MaACL
Número de control de estantería B-10109
Holdings
Estatus retirado Estado de pérdida Estado de daño No para préstamo Biblioteca de origen Biblioteca actual Ubicación en estantería Fecha de adquisición Fuente de adquisición Total de préstamos Signatura topográfica completa Código de barras Visto por última vez Precio de reemplazo Tipo de ítem Koha
        Biblioteca del Ateneo de Madrid Biblioteca del Ateneo de Madrid Sala Pardo Bazán 17/01/2008     B-10109 1032081 23/02/2023 23/02/2023 Libro impreso